Olympique Gazelle : tous les joueurs - Statistiques

Statistiques générales
  • Ce quiz a été pris 12 fois
  • Le résultat moyen est 20 sur 44
Statistiques - réponses
Matchs joués Réponse % Correct
4 Ibrahim
100%
47 Matthias
83%
41 Mohamed
83%
36 Victor
83%
9 Damian
67%
56 Mani
67%
41 Emmanuel
67%
34 Hugo
67%
45 Pietro
67%
6 Samuel
67%
1 Simon b
67%
48 Simon h
67%
3 Tom
67%
36 Xavier
67%
3 Alessio
50%
1 Cornélius
50%
25 Flavio
50%
37 Joseph
50%
7 Leonard
50%
19 Maxime
50%
2 Paul
50%
2 Thimothee
50%
1 Zacharie
50%
1 Alexandre
33%
1 Alfred
33%
2 Camille
33%
1 Côme
33%
1 Didier
33%
1 Jules
33%
1 Lou
33%
1 Melvil
33%
1 Naël
33%
2 Timothee
33%
2 Tristan
33%
4 Vincent
33%
1 Yann
33%
1 Alexis
17%
1 atakan
17%
1 Félix
17%
1 Mathis
17%
1 Nadir
17%
1 Gaby
0%
1 Hector
0%
1 Zeno
0%
Aucun quiz correspondant
Distribution des résultats
% des personnes avec chaque résultat
Percentile par nombre de réponses
Votre historique - résultats
Vous n’avez pas pris ce quiz